Analýza náboru a výberu zamestnancov v podniku - prípadová štúdia diplomová práca

Gespeichert in:
Bibliographische Detailangaben
1. Verfasser: Hrižová, Katarína
Körperschaft: Podnikovohospodárska fakulta EU so sídlom v Košiciach. Katedra manažmentu
Weitere Verfasser: Stankovič, Lýdia
Format: Buch
Sprache:Slowakisch
Veröffentlicht: Košice 2013
Tags: Tag hinzufügen
Keine Tags, Fügen Sie das erste Tag hinzu!

MARC

LEADER 00000nbm a2200000 4500
001 0170168
005 20161109102325.5
041 0 |a slo 
044 |a SK 
245 1 0 |a Analýza náboru a výberu zamestnancov v podniku - prípadová štúdia  |b diplomová práca  |c Katarína Hrižová ; Lýdia Stankovič 
264 1 |a Košice  |c 2013 
300 |a 97 s. 
100 1 |a Hrižová, Katarína 
700 1 |a Stankovič, Lýdia 
710 2 |a Podnikovohospodárska fakulta EU so sídlom v Košiciach. Katedra manažmentu